Biggest Trading Partners - Argentina - Statistics

General Stats
  • This quiz has been taken 790 times
  • The average score is 19 of 23
Answer Stats
exports imports country % Correct
9.03 bil 13.6 bil Brazil
99%
2.30 bil 0.69 bil Chile
98%
4.43 bil 10.5 bil China
98%
4.48 bil 6.98 bil United States
97%
1.78 bil Mexico
96%
1.63 bil 0.92 bil Spain
95%
1.45 bil France
94%
1.27 bil 3.05 bil Germany
94%
1.13 bil Uruguay
94%
1.15 bil Canada
92%
1.00 bil 1.44 bil Italy
91%
0.95 bil Japan
91%
0.71 bil Paraguay
91%
2.21 bil 0.70 bil India
90%
0.71 bil Bolivia
89%
0.89 bil South Korea
84%
1.24 bil Indonesia
71%
1.17 bil Netherlands
71%
1.14 bil 0.52 bil Switzerland
59%
1.13 bil Thailand
58%
2.55 bil Vietnam
57%
1.79 bil Egypt
43%
1.16 bil Algeria
24%
No matching quizzes found
Score Distribution
Percent of People with Each Score
Percentile by Number Answered
Your Score History
You have not taken this quiz